Frontiers in Chemistry: Rising Stars (Record no. 23968)
[ view plain ]
| 000 -LEADER | |
|---|---|
| fixed length control field | 00917nam a2200133Ia 4500 |
| 008 - FIXED-LENGTH DATA ELEMENTS--GENERAL INFORMATION | |
| fixed length control field | 220620s9999||||xx |||||||||||||| ||und|| |
| 020 ## - INTERNATIONAL STANDARD BOOK NUMBER | |
| International Standard Book Number | 9782890000000 |
| 245 #0 - TITLE STATEMENT | |
| Title | Frontiers in Chemistry: Rising Stars |
| 546 ## - LANGUAGE NOTE | |
| Language note | English[eng] |
| 650 ## - SUBJECT ADDED ENTRY--TOPICAL TERM | |
| Topical term or geographic name entry element | Green and Sustainable Chemistry||Analytical Chemistry||Theoretical and Computational Chemistry||Polymer Chemistry||Medicinal and Pharmaceutical Chemistry||Organic Chemistry||Nanoscience||Catalysis and Photocatalysis||Supramolecular Chemistry||Electrochemistry||Inorganic Chemistry||Chemical Biology |
| 700 ## - ADDED ENTRY--PERSONAL NAME | |
| Personal name | Suib, Steve||Ju, Huangxian||Cosnier, Serge||Ohtani, Bunsho||Wade, John D.||Garnier, Gil||Vincent Myung, Nosang||Carlos, LuÃs D.||Kassiou, Michael||Zhang, Fan||Ojima, Iwao||Musto, Pellegrino||James, Tony D.||Hofer, Thomas S.||De Visser, Sam P. |
| 856 ## - ELECTRONIC LOCATION AND ACCESS | |
| Uniform Resource Identifier | <a href="https://www.frontiersin.org/research-topics/8407/frontiers-in-chemistry-rising-stars">https://www.frontiersin.org/research-topics/8407/frontiers-in-chemistry-rising-stars</a> |
| 942 ## - ADDED ENTRY ELEMENTS (KOHA) | |
| Koha item type | E-Books |
| Withdrawn status | Lost status | Damaged status | Not for loan | Home library | Current library | Date acquired | Total Checkouts | Date last seen | Price effective from | Koha item type |
|---|---|---|---|---|---|---|---|---|---|---|
| Kerala University of Digital Sciences, Innovation and Technology Knowledge Centre | Kerala University of Digital Sciences, Innovation and Technology Knowledge Centre | 20/06/2022 | 20/06/2022 | 20/06/2022 | E-Books |